000 01250nam a2200337 i 4500
001 361
003 KOSZ 005
005 20200709140438.0
008 060119s1974 pl a f f |000 0 pol
015 _aPB 1974/6095
035 _a(OCoLC)812762166
040 _aWA N
_cKOSZ 500/EG
_dKOSZ 500/EG
041 0 _apol
046 _k1974
080 _a631.3(075)
080 _a(075)
100 1 _aJakubiak, Ryszard.
_eAutor
245 1 0 _aĆwiczenia konstrukcyjne z maszyn i urządzeń rolniczych /
_cRyszard Jakubiak, Jan Piotrowski, Kazimierz Zdun.
260 _aWarszawa :
_bWydawnictwa Szkolne i Pedagogiczne,
_c1974.
300 _a187, [1] s., [1] s. tabl. :
_bil., wykr. ;
_c25 cm.
380 _aKsiążki.
506 _aDla kl. 5 technium mechanicznego.
650 4 _aMaszyny i narzędzia rolnicze
_xbudowa i konstrukcje.
658 _aInżynieria i technika
655 4 _aĆwiczenia i zadania dla szkół zawodowych
700 1 _aPiotrowski, Jan
_c(inżynier).
_eAutor
700 1 _aZdun, Kazimierz
_d(1929- ).
_eAutor
710 2 _aWydawnictwa Szkolne i Pedagogiczne.
_4pbl.
856 _uhttp://koha.tu.koszalin.pl/cgi-bin/koha/opac-detail.pl?biblionumber=361
_yKatalog online BPK
942 _2UKD
_cKS
999 _c361
_d361